000 00806nmc a2200289 a 4500
003 AR-BaBNM
005 20251128210912.0
008 291020s1999 ||||||||||||||000 | spa||
020 _a950-739-766-3
040 _cAR-BaBNM
100 1 _aTolstoi, Lev Nikolaevich
_d1828-1910
245 1 0 _aCuentos populares
_n1 ; con prólogo de Delia Nilda Arrizabalaga
260 _aBuenos Aires
_bErrepar
_c1999
300 0 _a191 p.
490 0 _aClásicos de bolsillo
_vv. 37
650 4 _aCUENTOS
650 4 _aLITERATURA RUSA
650 4 _aLIBROS PARA NINOS
650 4 _aCOSTUMBRES Y TRADICIONES
650 4 _aLITERATURA FOLKLORICA
650 4 _aANTOLOGIAS
650 4 _aCRISTIANISMO
655 _aLITERATURA
700 1 _aArrizabalaga, Delia Nilda
_eprologuista
942 _cBK
998 _cMARTIN
999 _c17376
_d17376